Introduction à la topologie combinatoire. I, Initiation /

Guardado en:
Autor Principal: Fréchet, Maurice, 1878-1973.
Otros Autores: Fan, Ky.
Formato: Libro
Idioma:French
Publicado: Paris : Librairie Vuibert, 1946.
Etiquetas: Agregar Etiqueta
Sin Etiquetas, Sea el primero en etiquetar este registro!
LEADER 00526nam a22001575a 4500
001 MAT.inmabb000685
008 031118s1946####fr############000#0#fre#d
005 20170803122117.0
245 1 0 |a Introduction à la topologie combinatoire.  |n I,  |p Initiation /  |c Maurice Fréchet et Ky Fan. 
260 |a Paris :  |b Librairie Vuibert,  |c 1946. 
300 |a xii, 88 p. ;  |c 22 cm. 
510 4 |a MR,  |c MR0021677 
100 1 |a Fréchet, Maurice,  |d 1878-1973. 
700 1 |a Fan, Ky. 
084 |a 55-XX  |2 msc2000 
859 |h 55  |i F851  |p A-482  |v 1  |3 Parte I  |b BIB. MATEMATICA